Traducción al castellano de los textos de la Cueva Negra (Record no. 615540)

000 -CABECERA
Campo de control de longitud fija 00529nab a2200157Ia 4500
003 - IDENTIFICADOR DEL NÚMERO DE CONTROL
Campo de control ES-SlBCS
005 - FECHA Y HORA DE LA ÚLTIMA TRANSACCIÓN
Campo de control 20210601134628.0
008 - CÓDIGOS DE INFORMACIÓN DE LONGITUD FIJA
Campo de control de longitud fija 140529s1996 xxu||||| |||| 00| 0 spa d
041 ## - CÓDIGO DE LENGUA
Código de lengua del texto/banda sonora o título independiente spa
100 1# - PUNTO DE ACCESO PRINCIPAL-NOMBRE DE PERSONA
Nombre de persona Velázquez Soriano, Isabel
9 (RLIN) 6628
245 00 - MENCIÓN DE TÍTULO
Título Traducción al castellano de los textos de la Cueva Negra
Mención de responsabilidad, etc. Isabel Velázquez Soriano, Antonio Spigares
651 #4 - PUNTO DE ACCESO ADICIONAL DE MATERIA-NOMBRE GEOGRÁFICO
Nombre geográfico Cueva Negra
9 (RLIN) 220668
700 1# - PUNTO DE ACCESO ADICIONAL-NOMBRE DE PERSONA
Nombre de persona Spigares, Antonio
9 (RLIN) 220680
773 0# - ENLACE AL DOCUMENTO FUENTE
Título Antigüedad y Cristianismo
Parte(s) relacionada(s) nº. 13, 1996, págs. 453-476
Número de control del registro relacionado Rev1032
942 ## - ENTRADA DE ELEMENTOS AGREGADOS (KOHA)
Koha [por defecto] tipo de item Artículos de revista
Holdings
Suprimido Perdido Estropeado No para préstamo Localización permanente Localización actual Localización en estantería Fecha adquisición Préstamos totales Fecha última consulta Fecha del precio de reemplazo Tipo de item de Koha
        San Esteban San Esteban Depósito de revistas 11/07/2014   11/07/2014 11/07/2014 Artículos de revista

Bibliotecas Dominicos Provincia Hispania, 2016

Con tecnología Koha